Entretiens sur Franklin / (Record no. 164313)

MARC details
000 -LEADER
campo de control de longitud fija 00992nam a22002535i 4500
001 - NÚMERO DE CONTROL
campo de control 164313
003 - IDENTIFICADOR DE NÚMERO DE CONTROL
campo de control ES-MaACL
005 - FECHA Y HORA DE LA ÚLTIMA TRANSACCIÓN
campo de control 20250807122253.0
008 - DATOS DE LONGITUD FIJA--INFORMACIÓN GENERAL
campo de control de longitud fija 040901s1837 fr |||| | fre d
040 ## - FUENTE DE CATALOGACIÓN
Centro catalogador/agencia de origen CAM
Lengua de catalogación spa
Centro/agencia transcriptor CAM
100 1# - ENTRADA PRINCIPAL--NOMBRE DE PERSONA
Nombre de persona Saint-Germain-Leduc (
Fechas asociadas al nombre 1799-18.)
9 (RLIN) 155285
245 10 - MENCIÓN DEL TÍTULO
Título Entretiens sur Franklin /
Mención de responsabilidad, etc. par Saint-Germain.
260 ## - PUBLICACIÓN, DISTRIBUCIÓN, ETC.
Lugar de publicación, distribución, etc. Paris ;
-- Strasbourg :
Nombre del editor, distribuidor, etc. chez F.G. Levrault,
Fecha de publicación, distribución, etc. 1835.
300 ## - DESCRIPCIÓN FÍSICA
Extensión 174, [2] p. ;
Dimensiones 14 cm.
490 1# - MENCIÓN DE SERIE
Mención de serie Maitre Pierre ou Le savant de village
490 1# - MENCIÓN DE SERIE
Mención de serie Bibliothèque de l'instruction populaire ;
Designación de volumen o secuencia 17
598 ## - NOTA LOCAL
Nota local Segunda serie tomada de BN Opale-Plus.
600 14 - PUNTO DE ACCESO ADICIONAL DE MATERIA--NOMBRE DE PERSONA
Nombre de persona Franklin, Benjamin,
Fechas asociadas al nombre 1706-1790
9 (RLIN) 52337
740 01 - ENTRADA AGREGADA--TÍTULO RELACIONADO/ANALÍTICO NO CONTROLADO
Título relacionado o analítico no controlado Maitre Pierre ou Le savant de village.
830 0# - PUNTO DE ACCESO ADICIONAL DE SERIE-TÍTULO UNIFORME
Título uniforme Maitre Pierre ou Le savant de village
9 (RLIN) 187710
830 0# - PUNTO DE ACCESO ADICIONAL DE SERIE-TÍTULO UNIFORME
Título uniforme Bibliothèque de l'instruction populaire ;
Designación de volumen o secuencia 17
9 (RLIN) 187711
852 ## - LOCALIZACIÓN
Ubicación ES-MaACL
Número de control de estantería D-5205(2)
Nota libre -- Enc. hol.
Encuadernación -- Edic.: en el lomo consta : Instruction populaire
Holdings
Estatus retirado Estado de pérdida Estado de daño No para préstamo Colección Biblioteca de origen Biblioteca actual Ubicación en estantería Fecha de adquisición Fuente de adquisición Total de préstamos Signatura topográfica completa Código de barras Visto por última vez Precio de reemplazo Tipo de ítem Koha
        Libros del s. XIX Biblioteca del Ateneo de Madrid Biblioteca del Ateneo de Madrid Sala Valle Inclán 17/01/2008     D-5205(2) 901172227 23/02/2023 23/02/2023 Libro impreso antiguo